Statystyki dla Współczesne państwa Imperium Brytyjskiego (1921 r.)

Kliknij tutaj aby rozwiązać quiz!

Ogólne statystyki

  • Ten quiz został rozwiązany 6 947 razy
  • Średni wynik to 49 z 70

Odpowiedzi na mapie

Odpowiedzi skodowane kolorowo w zielono-czerwonej skali na mapie do tego quizu, zgodnie z poniższymi procentami.
 

Statystyki odpowiedzi

Country% Poprawnych
Kanada
99%
Wielka Brytania
96%
Australia
95%
Indie
95%
Egipt
94%
Irlandia
94%
Republika Południowej Afryki
93%
Nowa Zelandia
92%
Pakistan
87%
Sudan
87%
Oman
86%
Papua Nowa-Gwinea
86%
Jemen
85%
Irak
84%
Sri Lanka
84%
Bangladesz
80%
Mjanma
80%
Sudan Południowy
80%
Lesotho
79%
Nigeria
79%
Zjednoczone Emiraty Arabskie
79%
Izrael
78%
Jordania
78%
Kenia
78%
Malezja
77%
Gujana
76%
Katar
76%
Bahamy
75%
Singapur
75%
Tanzania
74%
Namibia
73%
Zambia
73%
Bhutan
72%
Zimbabwe
72%
Botswana
71%
Kuwejt
71%
Somalia
71%
Bahrajn
70%
Jamajka
69%
Eswatini
68%
Uganda
68%
Cypr
67%
Ghana
65%
Belize
63%
Brunei
63%
Libia
62%
Fidżi
61%
Malawi
61%
Saint Lucia
60%
Trynidad i Tobago
59%
Wyspy Salomona
59%
Barbados
58%
Dominika
58%
Gambia
58%
Malediwy
57%
Saint Kitts i Nevis
57%
Saint Vincent i Grenadyny
57%
Sierra Leone
57%
Antigua i Barbuda
56%
Seszele
55%
Vanuatu
54%
Grenada
53%
Kamerun
53%
Kiribati
53%
Nauru
53%
Tuvalu
53%
Malta
51%
Samoa
50%
Mauritius
49%
Tonga
49%

Rozkład punktacji

Percentyl według liczby udzielonych odpowiedzi

Procent ludzi z każdym wynikiem

Twoja historia wyników

Nie rozwiązałeś tego quizu